000 01024nam a2200265Ia 4500
003 OSt
005 20221005110331.0
006 a|||||r|||| 00| 0
007 ta
008 221004b |||||||| |||| 00| 0 hin d
020 _a9788179752913 (hbk)
_c450
024 _a19985
037 _b492, 25/03/2015, Swaraj Prakashan
_cTextual
040 _aCRL
_cCRL
_bhin
041 _2hin
_ahin
082 _aO152,1N193:g, P9
100 _aशर्मा, रीता
245 0 _aगिरिजरकुमार माथुर के काव्य में जीवन - मूल्य
246 _aGirijarakumār māthur ke kāvya mean jīvan - mūlya
260 _aनई दिल्ली
_bअनामिका पब्लिशर्स भारत
_c2009
300 _a240पृ0
_ccm.
650 _aहिन्दी साहित्य
942 _hO152,1N193:g, P9
_cTEXL
_2cc
999 _c1018481
_d1018481